Revered reminiscences (Record no. 13545)
[ view plain ]
| 000 -LEADER | |
|---|---|
| fixed length control field | 00263 a2200109 4500 |
| 008 - FIXED-LENGTH DATA ELEMENTS--GENERAL INFORMATION | |
| fixed length control field | 250712b ||||| |||| 00| 0 eng d |
| 020 ## - INTERNATIONAL STANDARD BOOK NUMBER | |
| International Standard Book Number | 9781636401720 |
| 100 ## - MAIN ENTRY--PERSONAL NAME | |
| Personal name | Pappal Suneja |
| 245 ## - TITLE STATEMENT | |
| Title | Revered reminiscences |
| 260 ## - PUBLICATION, DISTRIBUTION, ETC. (IMPRINT) | |
| Name of publisher, distributor, etc | white falcon |
| Date of publication, distribution, etc | 2021 |
| 942 ## - ADDED ENTRY ELEMENTS (KOHA) | |
| Source of classification or shelving scheme | |
| Withdrawn status | Lost status | Source of classification or shelving scheme | Damaged status | Koha normalized classification for sorting | Not for loan | Permanent location | Current location | Date acquired | Source of acquisition | Cost, normal purchase price | Full call number | Barcode | Date last seen | Cost, replacement price | Price effective from | Koha item type |
|---|---|---|---|---|---|---|---|---|---|---|---|---|---|---|---|---|
| 720_920000000000000 | BMS College of Architecture, Design and Planning | BMS College of Architecture, Design and Planning | 2025-07-12 | 39 | 1500.00 | 720.92 | AR-UG4933 | 2025-07-12 | 1500.00 | 2025-07-12 | UG Books |